MARC

LEADER 00000nam0a2200000 4500
001 367055
005 20231102011938.0
035 |a (RuTPU)RU\TPU\retro\24418 
090 |a 367055 
100 |a 20220228d1979 km y0rusy50 ca 
101 0 |a rus 
102 |a RU 
105 |a a z 001zy 
200 1 |a Автоматизированные фрезерные станки для объемной обработки  |f А. Н. Бобров, Ю. Г. Перченок 
210 |a Ленинград  |c Машиностроение  |d 1979 
215 |a 232 с.  |c ил. 
320 |a Библиогр.: с. 227-229 
606 1 |a Фрезерные станки  |x Автоматическое управление  |2 stltpush  |3 (RuTPU)RU\TPU\subj\16864  |9 42760 
610 1 |a объемная обработка 
610 1 |a применимость 
610 1 |a параметры 
610 1 |a приводы 
610 1 |a направляющие 
610 1 |a точность 
610 1 |a конструкции 
675 |a 621.914.3-52  |v 4 
700 1 |a Бобров  |b А. Н.  |g Анатолий Николаевич 
701 1 |a Перченок  |b Ю. Г.  |g Юрий Геселевич 
801 1 |a RU  |b 63413507  |c 20220228 
942 |c BK